Experimentálna a numerická analýza mechanických vlastností kompozitnej sendvičovej konštrukcie

Salvato in:
Dettagli Bibliografici
Autore principale: Ürge, Andrej (Autore)
Altri autori: Goga, Vladimír (Relatore della tesi)
Natura: Manoscritto Libro
Lingua:slovacco
Pubblicazione: Bratislava : STU v Bratislave FEI, 2022
Soggetti:
Accesso online:https://opac.crzp.sk/?fn=detailBiblioFormChildWMOPS&sid=A770A18E340C6018B385E3BDD5C2&seo=CRZP-detail-kniha
Tags: Aggiungi Tag
Nessun Tag, puoi essere il primo ad aggiungerne!!

MARC

LEADER 00000ntm a22000003a 4500
001 stuzp85934
003 SK-STU
005 20230117134841.9
007 ta
008 150427s2015----xo-----f-mn---000-0-slo-d
040 |a STU  |b slo 
041 0 |a slo 
044 |a xo 
100 1 |a Ürge, Andrej  |u 030400  |4 aut  |U FEI Fakulta elektrotechniky a informatiky  |T FEI Ústav automobilovej mechatroniky  |X 92461  |U E400  |Y 642  |7 92461 
242 0 1 |a Experimental and numerical analysis of mechanical properties of the composite sandwich construction  |y eng 
245 1 0 |a Experimentálna a numerická analýza mechanických vlastností kompozitnej sendvičovej konštrukcie 
260 |a Bratislava :  |b STU v Bratislave FEI,  |c 2022 
300 |a 76 s. 
650 4 |a kompozitná sendvičová konštrukcia  |2 slo 
650 4 |a MKP model  |2 slo 
650 4 |a mikromechanika  |2 slo 
650 4 |a vlákno  |2 slo 
650 4 |a matrica  |2 slo 
650 4 |a kompozitný materiál  |2 slo 
650 4 |a composite material  |2 eng 
650 4 |a fiber  |2 eng 
650 4 |a composite sandwich structure  |2 eng 
650 4 |a matrix  |2 eng 
650 4 |a FEM model  |2 eng 
650 4 |a micromechanics  |2 eng 
700 1 |a Goga, Vladimír  |u 030400  |k Z1  |4 ths  |U FEI Fakulta elektrotechniky a informatiky  |T FEI Ústav automobilovej mechatroniky  |X 10291  |U E400  |Y 642  |7 A000010291 
856 4 |u https://opac.crzp.sk/?fn=detailBiblioFormChildWMOPS&sid=A770A18E340C6018B385E3BDD5C2&seo=CRZP-detail-kniha